Phân tích các yếu tố ảnh hưởng đến khả năng tiếp cận tín dụng của nông hộ từ hệ thống quỹ tín dụng nhân dân cơ sở ở An Giang : Luận văn tốt nghiệp cao học. Chuyên ngành Tài chính ngân hàng
Phân tích thực trạng vay vốn từ hệ thống quỹ tín dụng của nông hộ ở địa bàn tỉnh An Giang thời gian qua; Phân tích các nhân tố ảnh hưởng đến khả năng tiếp cận tín dụng của nông hộ từ hệ thống Quỹ tín dụng nhân dân cơ sở ở An Giang; Đ...
Đã lưu trong:
| Príomhúdar: | |
|---|---|
| Formáid: | Leabhar |
| Teanga: | Undetermined |
| Foilsithe: |
Cần Thơ
Trường Đại học Cần Thơ
2016
|
| Ábhair: | |
| Clibeanna: |
Cuir Clib Leis
Gan Chlibeanna, Bí ar an gcéad duine leis an taifead seo a chlibeáil!
|
| Thư viện lưu trữ: | Trung tâm Học liệu Trường Đại học Cần Thơ |
|---|
| LEADER | 01634nam a2200217Ia 4500 | ||
|---|---|---|---|
| 001 | CTU_209625 | ||
| 008 | 210402s9999 xx 000 0 und d | ||
| 082 | |a 332.71 | ||
| 082 | |b Đ108 | ||
| 088 | |a 60340201 | ||
| 100 | |a Nguyễn, Thị Huỳnh Đào | ||
| 245 | 0 | |a Phân tích các yếu tố ảnh hưởng đến khả năng tiếp cận tín dụng của nông hộ từ hệ thống quỹ tín dụng nhân dân cơ sở ở An Giang : | |
| 245 | 0 | |b Luận văn tốt nghiệp cao học. Chuyên ngành Tài chính ngân hàng | |
| 245 | 0 | |c Nguyễn Thị Huỳnh Đào ; Nguyễn Tri Khiêm (Cán bộ hướng dẫn) | |
| 260 | |a Cần Thơ | ||
| 260 | |b Trường Đại học Cần Thơ | ||
| 260 | |c 2016 | ||
| 520 | |a Phân tích thực trạng vay vốn từ hệ thống quỹ tín dụng của nông hộ ở địa bàn tỉnh An Giang thời gian qua; Phân tích các nhân tố ảnh hưởng đến khả năng tiếp cận tín dụng của nông hộ từ hệ thống Quỹ tín dụng nhân dân cơ sở ở An Giang; Đưa ra những giải pháp nâng cao khả năng tiếp cận tín dụng của nông hộ từ hệ thống Quỹ tín dụng nhân dân cơ sở ở An Giang. Đồng thời giúp nông hộ có điều kiện vay vốn tốt hơn | ||
| 650 | |a Tín dụng nông nghiệp,Agricultural credit | ||
| 904 | |i Huỳnh Nhựt Tân (Nguyên) | ||
| 980 | |a Trung tâm Học liệu Trường Đại học Cần Thơ | ||